000 00287nam a2200121Ia 4500
008 190216s9999||||xx |||||||||||||| ||und||
100 _aNull
245 0 _aHindi-Shamshad Ki Yek Ram
260 _bTata Mcgraw Hill Publishing Company Ltd
300 _a96
650 _aHindi
942 _cBK
999 _c15876
_d15876